[Event "GER-ch U18 Girls"]
[Site "Willingen"]
[Date "2008.05.16"]
[Round "8"]
[White "Karmann, Anna"]
[Black "Benzen, Marthe"]
[Result "0-1"]
[WhiteElo "1891"]
[BlackElo "1829"]
[PlyCount "76"]
[EventDate "2008.05.11"]
[EventType "swiss"]
[EventRounds "9"]
[EventCountry "GER"]
[SourceTitle "CBM 124 Extra"]
[Source "ChessBase"]
[SourceDate "2008.07.03"]
[SourceVersion "1"]
[SourceVersionDate "2008.07.03"]
[SourceQuality "1"]

1. c4 Nf6 2. g3 g6 3. Bg2 Bg7 4. Nc3 0-0 5. e3 d6 6. Nge2 e5 7. 0-0 Nc6 8. d3 Be6 9. Nd5 Rb8 10. h3 Ne7 11. Nxe7+ Qxe7 12. Nc3 c6 13. Bd2 d5 14. cxd5 Nxd5 15. Nxd5 cxd5 16. Rc1 Qd7 17. Kh2 Qb5 18. Qc2 d4 19. exd4 Bxa2 20. dxe5 Bxe5 21. Bc3 Bb3 22. Qd2 Rfd8 23. Qe3 Bxc3 24. bxc3 a5 25. c4 Qd7 26. Bd5 b5 27. Rfe1 a4 28. Qg5 Re8 29. Qf6 bxc4 30. dxc4 Rbc8 31. Qf3 Rxe1 32. Rxe1 Bxc4 33. Bxc4 Rxc4 34. Qf6 Rc6 35. Qe5 Qe6 36. Qa1 Qf6 37. Qa2 Rb6 38. Kg1 Rb2 0-1

[Event "GER-ch U18 Girls"]
[Site "Willingen"]
[Date "2008.05.15"]
[Round "7"]
[White "Farokhpey, Sarah"]
[Black "Karmann, Anna"]
[Result "0-1"]
[WhiteElo "1483"]
[BlackElo "1891"]
[PlyCount "160"]
[EventDate "2008.05.11"]
[EventType "swiss"]
[EventRounds "9"]
[EventCountry "GER"]
[SourceTitle "CBM 124 Extra"]
[Source "ChessBase"]
[SourceDate "2008.07.03"]
[SourceVersion "1"]
[SourceVersionDate "2008.07.03"]
[SourceQuality "1"]

1. d4 Nf6 2. c4 e6 3. Nc3 Bb4 4. Bd2 0-0 5. Nf3 b6 6. e3 Bb7 7. Bd3 d5 8. cxd5 exd5 9. Qc2 Nbd7 10. a3 Bxc3 11. Bxc3 Ne4 12. 0-0 Qe7 13. Nd2 Ndf6 14. Bb4 c5 15. dxc5 bxc5 16. Ba5 Rac8 17. Nxe4 dxe4 18. Bc4 Bd5 19. Rfd1 Qb7 20. Bxd5 Nxd5 21. Qxe4 Qb5 22. Qxd5 Qxa5 23. Qd2 Qb6 24. Qc3 Rb8 25. Rd2 h6 26. h3 Rfd8 27. Rad1 Rxd2 28. Rxd2 Rb7 29. Rc2 Rc7 30. Qc4 Qa5 31. Qc3 Qb6 32. Qe5 c4 33. Qd4 Qb3 34. Qc3 Qa4 35. Rd2 Rc8 36. Rd4 a5 37. Rd5 Qb3 38. Rxa5 Qd1+ 39. Kh2 Qe2 40. Rf5 Rb8 41. Rf4 Rxb2 42. Qxc4 Qxc4 43. Rxc4 Rxf2 44. Kg3 Ra2 45. Ra4 Kf8 46. Ra7 g6 47. a4 Kg7 48. a5 Kf6 49. a6 Ke6 50. Ra8 Kd6 51. a7 Ke7 52. Kf3 Kf6 53. g3 Ra5 54. h4 Ke7 55. g4 g5 56. hxg5 hxg5 57. Rg8 Rxa7 58. Rxg5 Ra4 59. e4 Kf6 60. Rf5+ Ke6 61. Kf4 Ra1 62. Kg5 Re1 63. Rf4 Rg1 64. Rf6+ Ke7 65. e5 Re1 66. Rf5 Ke6 67. Rf6+ Ke7 68. Kh6 Rxe5 69. g5 Re6 70. Kg7 Rxf6 71. gxf6+ Ke6 72. Kh6 Kxf6 73. Kh5 Ke5 74. Kg4 Ke4 75. Kg3 f5 76. Kf2 Kf4 77. Kg2 Ke3 78. Kf1 f4 79. Ke1 f3 80. Kf1 f2 0-1

[Event "GER-ch U18 Girls"]
[Site "Willingen"]
[Date "2008.05.13"]
[Round "4"]
[White "Erben, Larissa"]
[Black "Karmann, Anna"]
[Result "1-0"]
[WhiteElo "1942"]
[BlackElo "1891"]
[PlyCount "87"]
[EventDate "2008.05.11"]
[EventType "swiss"]
[EventRounds "9"]
[EventCountry "GER"]
[SourceTitle "CBM 124 Extra"]
[Source "ChessBase"]
[SourceDate "2008.07.03"]
[SourceVersion "1"]
[SourceVersionDate "2008.07.03"]
[SourceQuality "1"]

1. e4 c6 2. d4 d5 3. Nc3 dxe4 4. Nxe4 Bf5 5. Ng3 Bg6 6. h4 h6 7. h5 Bh7 8. Nf3 Nd7 9. Bd3 Bxd3 10. Qxd3 e6 11. Bf4 Qa5+ 12. Bd2 Qc7 13. 0-0-0 Ngf6 14. Qe2 c5 15. Rh4 Be7 16. dxc5 0-0 17. Nf5 exf5 18. Qxe7 Rfe8 19. Qd6 Qxc5 20. Be3 Qxd6 21. Rxd6 Re4 22. Rh1 Rc8 23. g3 Ne5 24. Nh4 Nc4 25. Nxf5 Re5 26. Nxh6+ Kf8 27. Rxf6 gxf6 28. Bd4 Re2 29. Ng4 Ne5 30. Nxf6 Rexc2+ 31. Kb1 Nd3 32. Bc3 Rxf2 33. h6 Rxc3 34. bxc3 Ne5 35. Nd7+ Kg8 36. h7+ Kh8 37. Nxe5 Rf5 38. Nc4 Rg5 39. Rh3 Rg7 40. Kc2 b6 41. Nd6 a6 42. Kb3 f6 43. Kc4 Rd7 44. Kd5 1-0

[Event "GER-ch U18 Girls"]
[Site "Willingen"]
[Date "2008.05.13"]
[Round "5"]
[White "Karmann, Anna"]
[Black "Weiss, Katharina"]
[Result "1-0"]
[WhiteElo "1891"]
[BlackElo "1653"]
[PlyCount "97"]
[EventDate "2008.05.11"]
[EventType "swiss"]
[EventRounds "9"]
[EventCountry "GER"]
[SourceTitle "CBM 124 Extra"]
[Source "ChessBase"]
[SourceDate "2008.07.03"]
[SourceVersion "1"]
[SourceVersionDate "2008.07.03"]
[SourceQuality "1"]

1. c4 c5 2. Nf3 e6 3. e3 d5 4. cxd5 exd5 5. d4 Nc6 6. Nc3 Nf6 7. Be2 Ne4 8. 0-0 Bg4 9. Qb3 Nxc3 10. bxc3 Qd7 11. Ba3 c4 12. Qb2 Bxa3 13. Qxa3 Qe7 14. Qxe7+ Kxe7 15. Rab1 Rab8 16. Rb5 Kd6 17. h3 Bf5 18. Bxc4 Ne7 19. Be2 Rhc8 20. Rc1 a6 21. Rb3 f6 22. Nd2 Rc6 23. c4 b6 24. c5+ Kc7 25. Bxa6 bxc5 26. Bb5 Rcb6 27. Rxc5+ Kd6 28. a4 Bd7 29. Bxd7 Kxd7 30. Rbb5 Rxb5 31. axb5 Rb6 32. Nb1 Kd6 33. Nc3 Rb8 34. g4 Rc8 35. Rxc8 Nxc8 36. Kg2 Nb6 37. f4 g6 38. h4 h6 39. g5 hxg5 40. fxg5 fxg5 41. hxg5 Ke6 42. Kg3 Kf5 43. Kh4 Ke6 44. Kg4 Kd6 45. Kf4 Ke6 46. e4 dxe4 47. Kxe4 Kd6 48. Ne2 Ke6 49. Nf4+ 1-0

[Event "GER-ch U18 Girls"]
[Site "Willingen"]
[Date "2008.05.11"]
[Round "1"]
[White "Lubbe, Melanie"]
[Black "Karmann, Anna"]
[Result "1-0"]
[WhiteElo "2248"]
[BlackElo "1891"]
[PlyCount "89"]
[EventDate "2008.05.11"]
[EventType "swiss"]
[EventRounds "9"]
[EventCountry "GER"]
[SourceTitle "CBM 124 Extra"]
[Source "ChessBase"]
[SourceDate "2008.07.03"]
[SourceVersion "1"]
[SourceVersionDate "2008.07.03"]
[SourceQuality "1"]

1. e4 c6 2. d4 d5 3. Nc3 dxe4 4. Nxe4 Bf5 5. Ng3 Bg6 6. h4 h6 7. Nf3 Nd7 8. h5 Bh7 9. Bd3 Bxd3 10. Qxd3 e6 11. Bd2 Ngf6 12. 0-0-0 Qc7 13. Qe2 c5 14. Rh4 Be7 15. dxc5 Rc8 16. Kb1 0-0 17. Nf5 exf5 18. Qxe7 Rfe8 19. Qd6 Qxc5 20. Qxc5 Nxc5 21. Nd4 Nce4 22. Be3 Rcd8 23. Kc1 Ng4 24. Nxf5 Rxd1+ 25. Kxd1 Nexf2+ 26. Bxf2 Nxf2+ 27. Kd2 Ne4+ 28. Kd3 Nf6 29. Ne3 Re5 30. g4 Kf8 31. c4 b6 32. b4 Rg5 33. Kd4 Ke8 34. a4 Kd7 35. Kd3 Kc6 36. Kd4 Kd7 37. a5 bxa5 38. b5 Kc7 39. c5 Kb7 40. Nf5 Nxg4 41. Nd6+ Kc7 42. Ne4 f5 43. Nxg5 hxg5 44. Rh1 Nf2 45. Rf1 1-0

[Event "NRW-ch U18 Girls"]
[Site "Kranenburg"]
[Date "2008.03.28"]
[Round "6"]
[White "Karmann, Anna"]
[Black "Klinger, Jacquelin"]
[Result "1/2-1/2"]
[WhiteElo "1821"]
[BlackElo "1404"]
[PlyCount "33"]
[EventDate "2008.03.24"]
[EventType "swiss"]
[EventRounds "7"]
[EventCountry "GER"]
[SourceTitle "EXT 2009"]
[Source "ChessBase"]
[SourceDate "2008.11.26"]
[SourceVersion "1"]
[SourceVersionDate "2008.11.26"]
[SourceQuality "1"]

1. c4 c5 2. Nf3 Nf6 3. d4 d5 4. Nc3 e6 5. e3 Be7 6. Be2 0-0 7. 0-0 b6 8. b3 Bb7 9. Bb2 Nbd7 10. Rc1 Bd6 11. Rc2 Rc8 12. Qc1 dxc4 13. bxc4 cxd4 14. Nb5 d3 15. Bxd3 Bb8 16. Be2 a6 17. Nbd4 1/2-1/2

[Event "GER-chT U20 Girls"]
[Site "Stuttgart"]
[Date "2007.12.29"]
[Round "5.1"]
[White "Gasch, Franziska"]
[Black "Karmann, Anna"]
[Result "0-1"]
[WhiteElo "1908"]
[BlackElo "1806"]
[PlyCount "52"]
[EventDate "2007.12.27"]
[EventType "team-swiss"]
[EventRounds "7"]
[EventCountry "GER"]
[SourceTitle "EXT 2009"]
[Source "ChessBase"]
[SourceDate "2008.11.26"]
[SourceVersion "1"]
[SourceVersionDate "2008.11.26"]
[SourceQuality "1"]
[WhiteTeam "Leipzig Turm U20 Girls"]
[BlackTeam "Porz SG U20 Girls"]
[WhiteTeamCountry "GER"]
[BlackTeamCountry "GER"]

1. Nf3 Nf6 2. g3 c6 3. Bg2 d5 4. 0-0 e6 5. d3 Be7 6. Nbd2 0-0 7. c3 Nbd7 8. Qc2 Qc7 9. Re1 b6 10. e4 dxe4 11. dxe4 e5 12. Nf1 Ba6 13. Bg5 Rad8 14. Nh4 Nc5 15. c4 Ne6 16. Be3 Ng4 17. Nf5 Nxe3 18. Nxe7+ Qxe7 19. fxe3 Rd6 20. Rad1 Rfd8 21. Bf3 Qf6 22. Be2 Ng5 23. Kg2 Bc8 24. Rxd6 Rxd6 25. Nd2 Bh3+ 26. Kh1 Qf2 0-1

[Event "GER-ch U16 Girls"]
[Site "Willingen"]
[Date "2007.05.30"]
[Round "7"]
[White "Karmann, Anna"]
[Black "Kickert, Germaine Helene"]
[Result "0-1"]
[WhiteElo "1925"]
[BlackElo "1906"]
[PlyCount "50"]
[EventDate "2007.05.26"]
[EventType "swiss"]
[EventRounds "9"]
[EventCountry "GER"]
[SourceTitle "CBM 118 Extra"]
[Source "ChessBase"]
[SourceDate "2007.07.04"]
[SourceVersion "1"]
[SourceVersionDate "2007.07.04"]
[SourceQuality "1"]

1. d4 Nf6 2. Nc3 d5 3. Bg5 g6 4. Bxf6 exf6 5. e3 Bg7 6. Bd3 c6 7. Nge2 f5 8. Qd2 Nd7 9. 0-0-0 b5 10. Rdg1 b4 11. Nd1 a5 12. f3 Qb6 13. e4 fxe4 14. fxe4 dxe4 15. Bxe4 Nf6 16. Bf3 0-0 17. h4 Be6 18. Kb1 a4 19. b3 Qa6 20. Nc1 Rfb8 21. h5 axb3 22. cxb3 Bf5+ 23. Ka1 Ne4 24. Qb2 c5 25. Be2 Qa5 0-1

[Event "GER-ch U16 Girls"]
[Site "Willingen"]
[Date "2007.05.26"]
[Round "1"]
[White "Glatting, Lisa"]
[Black "Karmann, Anna"]
[Result "0-1"]
[WhiteElo "1779"]
[BlackElo "1925"]
[PlyCount "64"]
[EventDate "2007.05.26"]
[EventType "swiss"]
[EventRounds "9"]
[EventCountry "GER"]
[SourceTitle "CBM 118 Extra"]
[Source "ChessBase"]
[SourceDate "2007.07.04"]
[SourceVersion "1"]
[SourceVersionDate "2007.07.04"]
[SourceQuality "1"]

1. e4 Nc6 2. Nc3 d6 3. Bc4 Nf6 4. d3 e5 5. h3 Be7 6. Nf3 Be6 7. Bb3 0-0 8. 0-0 h6 9. Re1 Nd7 10. Ne2 Nc5 11. Ng3 Nxb3 12. axb3 Qd7 13. Be3 d5 14. Qc1 Kh7 15. Bd2 d4 16. Qd1 Bd6 17. Nh4 Ne7 18. Qh5 Ng8 19. Qe2 g6 20. Rf1 Ne7 21. Qe1 g5 22. Nf3 f6 23. Qd1 Ng6 24. Kh2 Nf4 25. Bxf4 exf4 26. Ne2 c5 27. g3 Bxh3 28. Rg1 Bg4 29. Nd2 f3 30. Nc1 Qf7 31. Re1 Qh5+ 32. Kg1 Bxg3 0-1